[Event "POL-chT U20"]
[Site "Kudowa Zdroj"]
[Date "2018.07.27"]
[Round "7.16"]
[White "Szydlo, Michal"]
[Black "Swiech, Lukasz"]
[Result "1-0"]
[WhiteElo "1697"]
[BlackElo "1591"]
[PlyCount "109"]
[EventDate "2018.07.21"]
[EventType "team-tourn"]
[EventRounds "9"]
[EventCountry "POL"]
[SourceTitle "CBM 186 Extra"]
[Source "ChessBase"]
[SourceDate "2018.08.24"]
[SourceVersion "1"]
[SourceVersionDate "2018.08.24"]
[SourceQuality "1"]

1. e4 c5 2. Nf3 Nc6 3. d4 cxd4 4. Nxd4 e5 5. Nb5 a6 6. Nd6+ Bxd6 7. Qxd6 Qf6 8. Qxf6 Nxf6 9. Nc3 Nb4 10. Bd3 d5 11. Bg5 dxe4 12. Nxe4 Nxe4 13. Bxe4 f5 14. Bd2 Nc6 15. Bxc6+ bxc6 16. Bc3 e4 17. 0-0-0 Be6 18. Rd4 Bd5 19. Rhd1 0-0 20. Bb4 Rfc8 21. Bd6 Rd8 22. Bc5 Re8 23. g3 Kf7 24. b3 Rec8 25. c4 Be6 26. Rd6 Rab8 27. Kc2 Rb7 28. Rd8 Rbb8 29. Rxc8 Rxc8 30. Rd6 Rc7 31. h4 h5 32. Kc3 Bd7 33. Kb4 Be8 34. Ka5 Rc8 35. Kb6 Ke7 36. Rxc6+ Kd7 37. Rxc8 Kxc8 38. Bd4 g6 39. Kxa6 Kc7 40. a3 Bf7 41. Kb5 Be8+ 42. Kc5 Bc6 43. Be3 Bd7 44. a4 Kb7 45. a5 Ka6 46. b4 Be6 47. Bd2 Bf7 48. b5+ Kb7 49. a6+ Ka7 50. Be3 Kb8 51. Kb4 Ka8 52. c5 Bd5 53. c6 Kb8 54. Kc5 Be6 55. b6 1-0

[Event "POL-chT U20"]
[Site "Kudowa Zdroj"]
[Date "2018.07.26"]
[Round "6.16"]
[White "Swiech, Lukasz"]
[Black "Rak, Jacek"]
[Result "1/2-1/2"]
[WhiteElo "1591"]
[BlackElo "1457"]
[PlyCount "138"]
[EventDate "2018.07.21"]
[EventType "team-tourn"]
[EventRounds "9"]
[EventCountry "POL"]
[SourceTitle "CBM 186 Extra"]
[Source "ChessBase"]
[SourceDate "2018.08.24"]
[SourceVersion "1"]
[SourceVersionDate "2018.08.24"]
[SourceQuality "1"]

1. e4 c5 2. g3 Nc6 3. Bg2 g6 4. c3 Bg7 5. Ne2 e6 6. d4 cxd4 7. cxd4 d5 8. exd5 exd5 9. Nbc3 Nge7 10. Be3 Be6 11. 0-0 0-0 12. Qd2 Qd7 13. Nf4 Rad8 14. Rfd1 Rc8 15. Rac1 Rfe8 16. h3 Red8 17. Kh2 Re8 18. Re1 b6 19. Nce2 Nf5 20. b4 Nce7 21. Ng1 Nd6 22. Qe2 b5 23. Nf3 Nc4 24. Nd3 Nf5 25. Nc5 Qc6 26. Rc3 f6 27. Nd2 Nfd6 28. Qf3 Nb6 29. Bf4 Ndc4 30. Rcc1 Rcd8 31. Ndb3 Bf7 32. Be3 Qc8 33. h4 Nxe3 34. fxe3 Nc4 35. Na5 Re7 36. Rc3 f5 37. Qf4 Rde8 38. a3 h5 39. Nxc4 bxc4 40. Qd6 Qc7 41. Qxc7 Rxc7 42. Nd3 Rce7 43. Nf4 Bxd4 44. Rc2 Rd8 45. Rd1 Bxe3 46. Nxd5 Bxd5 47. Rxd5 Rc8 48. Rd6 Kg7 49. Rc6 Rxc6 50. Bxc6 f4 51. Rxc4 fxg3+ 52. Kxg3 Bb6 53. a4 Bc7+ 54. Kf3 Rf7+ 55. Ke3 Kf6 56. Be4 Bb6+ 57. Kd3 Ke5 58. Bxg6 Rf3+ 59. Ke2 Rf4 60. Rxf4 Kxf4 61. Bxh5 Bd8 62. Kd3 Bxh4 63. Kc4 Ke5 64. Kc5 Bf2+ 65. Kc6 Bg1 66. a5 Bf2 67. b5 Bg1 68. b6 Bxb6 69. axb6 Ke4 1/2-1/2

[Event "POL-chT U20"]
[Site "Kudowa Zdroj"]
[Date "2018.07.21"]
[Round "1.28"]
[White "Swiech, Lukasz"]
[Black "Madej, Marek"]
[Result "0-1"]
[WhiteElo "1591"]
[BlackElo "1786"]
[PlyCount "66"]
[EventDate "2018.07.21"]
[EventType "team-tourn"]
[EventRounds "9"]
[EventCountry "POL"]
[SourceTitle "CBM 186 Extra"]
[Source "ChessBase"]
[SourceDate "2018.08.24"]
[SourceVersion "1"]
[SourceVersionDate "2018.08.24"]
[SourceQuality "1"]

1. e4 c5 2. Nf3 e6 3. d4 cxd4 4. Nxd4 a6 5. Nc3 Qc7 6. Be2 b5 7. Be3 Bb7 8. Bf3 d6 9. 0-0 Nf6 10. a3 Nbd7 11. Nde2 Be7 12. Ng3 0-0 13. Be2 Rfd8 14. f4 Rac8 15. Bf3 Nb6 16. Be2 Nc4 17. Bxc4 Qxc4 18. Qd3 Qc6 19. f5 d5 20. Bg5 dxe4 21. Qe2 e3 22. fxe6 Rd2 23. exf7+ Kh8 24. Qf3 Qb6 25. Nge4 e2+ 26. Rf2 Rxc3 27. Nxd2 Rxf3 28. gxf3 h6 29. Bh4 Qe3 30. Ne4 e1Q+ 31. Rxe1 Qxe1+ 32. Kg2 Bxe4 33. Bxf6 gxf6 0-1

[Event "POL-chT U20 1st League"]
[Site "Szczyrk"]
[Date "2017.07.29"]
[Round "8.4"]
[White "Swiech, Lukasz"]
[Black "Panek, Bartosz"]
[Result "1-0"]
[WhiteElo "1478"]
[BlackElo "1656"]
[PlyCount "98"]
[EventDate "2017.07.22"]
[EventType "team-tourn"]
[EventRounds "9"]
[EventCountry "POL"]
[SourceTitle "EXT 2019"]
[Source "ChessBase"]
[SourceDate "2018.10.10"]
[SourceVersion "1"]
[SourceVersionDate "2018.10.10"]
[SourceQuality "1"]

1. e4 e6 2. d4 b6 3. Nc3 Bb7 4. Bd3 Bb4 5. Nge2 Nf6 6. 0-0 d5 7. Bg5 dxe4 8. Bxf6 Qxf6 9. Nxe4 Qe7 10. N2g3 Nd7 11. c3 Bd6 12. Nxd6+ Qxd6 13. Be4 c6 14. b4 0-0-0 15. b5 Nf6 16. Bxc6 Bxc6 17. bxc6 Qxc6 18. a4 Kb7 19. a5 Rd5 20. axb6 axb6 21. Qd3 Ra8 22. Rxa8 Kxa8 23. Ra1+ Ra5 24. Rxa5+ bxa5 25. h3 g6 26. c4 a4 27. Qc3 Ka7 28. Qb4 Qd7 29. Ne2 Ne4 30. f3 Nd6 31. Nc3 Nf5 32. Nb5+ Kb6 33. c5+ Kc6 34. Qxa4 Qd8 35. Nd6+ Kd5 36. Qc4+ Kc6 37. d5+ Kd7 38. Qb5+ Ke7 39. Nxf5+ exf5 40. d6+ Ke6 41. Qc4+ Ke5 42. f4+ Kf6 43. Qd4+ Ke6 44. Qe5+ Kd7 45. Qd5 Qc8 46. Qxf7+ Kc6 47. Qxh7 Qe6 48. Qc7+ Kd5 49. d7 Qe3+ 1-0

[Event "POL-chT U20 1st League"]
[Site "Szczyrk"]
[Date "2017.07.28"]
[Round "7.28"]
[White "Swiech, Lukasz"]
[Black "Wojdak, Jan"]
[Result "1-0"]
[WhiteElo "1478"]
[BlackElo "1527"]
[PlyCount "59"]
[EventDate "2017.07.22"]
[EventType "team-tourn"]
[EventRounds "9"]
[EventCountry "POL"]
[SourceTitle "EXT 2019"]
[Source "ChessBase"]
[SourceDate "2018.10.10"]
[SourceVersion "1"]
[SourceVersionDate "2018.10.10"]
[SourceQuality "1"]

1. e4 c5 2. Nf3 Nc6 3. d4 cxd4 4. Nxd4 Nf6 5. Nc3 d6 6. f3 e5 7. Nb3 Be7 8. Be3 Be6 9. Qd2 0-0 10. Nd5 Bxd5 11. exd5 Nb8 12. c4 b6 13. Bd3 Ne8 14. 0-0 f5 15. f4 g6 16. Rae1 Bf6 17. Nc1 a5 18. Ne2 Nd7 19. Bc2 Rc8 20. b3 Qc7 21. Nc3 Nc5 22. Nb5 Qd7 23. a3 Qb7 24. fxe5 Bxe5 25. Bd4 Bxd4+ 26. Qxd4 Rd8 27. Qf4 Na6 28. Nd4 Rf7 29. Qg5 Qc7 30. Ne6 1-0